000 00303nam a2200121Ia 4500
008 191201s2001 xx 000 0 und d
100 _aGUPTA, Satish
245 0 _aModern''s ABC of Physics for Class XI
260 _aN. Delhi
_bModern Pub
_c2001
300 _a1044+15
650 _aApplied
942 _2ddc
_cBK
999 _c375
_d375